Largest Cities in Africa Beginning With 'M' - Statistics

General Stats
  • This quiz has been taken 84 times
  • The average score is 9 of 25
Answer Stats
# Population Country Answer % Correct
1 2,575,000 Mozambique Maputo
97%
3 2,250,000 Somalia Mogadishu
96%
8 1,140,000 Morocco Marrakesh
93%
4 1,940,000 Liberia Monrovia
91%
5 1,370,000 Kenya Mombasa
84%
2 2,500,000 DR Congo Mbuji-Mayi
64%
19 343,541 Lesotho Maseru
61%
6 1,340,000 Tanzania Mwanza
44%
7 1,190,000 Nigeria Maiduguri
43%
11 556,512 Morocco Meknès
32%
23 290,316 Libya Misrata
25%
9 632,330 Egypt Mansoura
19%
12 541,603 Tanzania Mbeya
16%
15 457,900 Ethiopia Mekele
16%
13 499,000 Somalia Merca
15%
14 471,409 Tanzania Morogoro
15%
16 455,000 Angola Malanje
12%
10 614,202 Egypt Mahalla el-Kubra
11%
17 425,000 Nigeria Minna
11%
18 390,000 Nigeria Makurdi
7%
25 284,189 Senegal Mbour
5%
21 294,166 Uganda Masaka
3%
22 290,414 Uganda Mbale
3%
24 289,482 Sudan Medani
1%
20 305,945 Uganda Mukono
0%
No matching quizzes found
Score Distribution
Percent of People with Each Score
Percentile by Number Answered
Your Score History
You have not taken this quiz